| 000 -ლიდერი |
| ფიქსირებული სიგრძის საკონტროლო ველი |
01090nam a22002057a 4500 |
| 003 - საკონტროლო ნომრის იდენტიფიკატორი |
| საკონტროლო ველი |
Ge_BSU |
| 005 - ბოლო ოპერაციის თარიღი და დრო |
| საკონტროლო ველი |
20241105154844.0 |
| 008 - ფიქსირებული სიგრძის მონაცემთა ელემენტები - ზოგადი ინფორმაცია |
| ფიქსირებული სიგრძის საკონტროლო ველი |
241105s1995 ge ||||| |||| 00| 0 geo d |
| 041 ## - ენის კოდი |
| Language code of text/sound track or separate title |
geo |
| 080 ## - უნივერსალური ათობითი კლასიფიკაციის ინდექსი |
| Universal Decimal Classification number |
616.1/4(075.8) გ-92 |
| 100 ## - მთავარი ჩანაწერი - პიროვნების სახელი |
| Personal name |
გუგეშაშვილი, შიო. |
| 9 (RLIN) |
23427 |
| 245 ## - ცნობა სათაურის შესახებ |
| Title |
შინაგან დავადებათა პროპედევტიკა : |
| Remainder of title |
[სახელმძღვანელო სამედ. ინ-ტის სტუდენტებისათვის]. ნაწ. 2 / |
| Statement of responsibility, etc |
შიო გუგეშაშვილი, რედ. დ. გორდელაძე. |
| 250 ## - გამოცემის ცნობა |
| Edition statement |
მე-2 შევსებული გამოცემა. |
| 264 ## - წარმოების, გამოცემის, დისტრიბუციის და სხვა ცნობები |
| გამოცემის, წარმოების, დისტრიბუციის... ადგილი |
თბილისი : |
| გამოცემის, წარმოების, დისტრიბუციის... სახელწოდება |
განათლება, |
| გამოცემის, წარმოების, დისტრიბუციის... თარიღი |
1995. |
| 300 ## - ფიზიკური აღწერა |
| Extent |
552 გვ.: |
| Other physical details |
22 სმ. |
| 653 ## - INDEX TERM--UNCONTROLLED |
| Uncontrolled term |
შინაგანი დაავადებების პროპედევტიკა |
| 653 ## - INDEX TERM--UNCONTROLLED |
| Uncontrolled term |
მედიცინა |
| 700 ## - ADDED ENTRY--PERSONAL NAME |
| Personal name |
გორდელაძე, დ |
| Relator term |
რედაქტორი |
| 9 (RLIN) |
23625 |
| 942 ## - ADDED ENTRY ELEMENTS (KOHA) |
| Source of classification or shelving scheme |
|
| Koha item type |
წიგნი |